| 000 | 02783ngm a2200445 4500 | ||
|---|---|---|---|
| 003 | dpl | ||
| 005 | 20080723110517.0 | ||
| 007 | DVD | ||
| 008 | ||||||sp199 xxu|||||c|||| 00| 0 eng d | ||
| 010 | _aDVD-000965-967 & DVD-005352-5356 | ||
| 024 |
_aEDVD-A10021 _c499.00 , 99.00 (Revised Price) |
||
| 035 | _aDVD-000965-967 | ||
| 035 | _aDVD-005352-5356 | ||
| 040 |
_aDPL _cDPL |
||
| 082 | _aDVD / FINA | ||
| 245 |
_aFinal Destination : _cNew Line Cinema Presents _h[videorecording] DVD/ _bDeath Doesn't Take No Fro An Answer |
||
| 260 | _bNew Line Cinema | ||
| 300 |
_a1 videodisc DVD; (98 min.) _bsd., col. ; _c4 3/4 in. _fDVD |
||
| 440 | _aEagle Home Entertainment | ||
| 500 | _aThis DVD is Copy Protected | ||
| 538 | _iLanguage: Dolby Digital 5.1-English Subtitles: English, Hindi | ||
| 538 | _aAspect Ratio: 2.35:1, Presentation type: Wide Screen Presentation Size 16x9 | ||
| 650 | _aMotion Picture | ||
| 700 | _aSawa, Devon | ||
| 700 | _aLarter, Alli | ||
| 700 | _aSmith, Kerr | ||
| 700 | _aWalker, Shirey | ||
| 700 | _aCoblenz, James | ||
| 700 | _aWillett, Johnn | ||
| 942 |
_cCF _2ddc _hDVD _mFINA |
||
| 999 |
_c16770 _d16770 |
||